Financial management

Na minha lista:
Detalhes bibliográficos
Autor principal: Pandey, I.M
Formato: Livro
Publicado em: New Delhi: Vikas, 2010
Edição:10th ed.
Assuntos:
Tags: Adicionar Tag
Sem tags, seja o primeiro a adicionar uma tag!

MARC

LEADER 00000nam a2200000 4500
020 |a  9788125937142  |c TZs 36,309/= 
040 |a MUL  |b eng.  |e AACR 
082 |a 658.15 PAN 
100 |a Pandey, I.M. 
245 |a  Financial management  |c / I. M. Pandey 
250 |a 10th ed. 
260 |a  New Delhi:  |b Vikas,   |c 2010 
300 |a xxiv, 879 p. :  |b ill. ;  |c 27 cm 
504 |a Includes index 
546 |a eng. 
650 |a Capital market 
650 |a Capital market Asia  
650 |a Corporations Finance 
942 |c BK 
999 |c 4463  |d 4463